La escuela extraordinaria: exclusión, escolarización y educación inclusiva

Saved in:
Bibliografiske detaljer
Hovedforfatter: Slee, Roger (Author)
Format: Bog
Sprog:spansk
Udgivet: Madrid Morata 2012
Udgivelse:1a. ed
Serier:Política Educativa. Inclusión
Fag:
Tags: Tilføj Tag
Ingen Tags, Vær først til at tagge denne postø!

MARC

LEADER 00000cam a2200000 a 4500
001 UCD5107
003 CL-VaPUC
008 160807e20120000sp |||||||||||||||||spa|d
020 |a 9788471126764 
082 0 4 |a 370.1  |b SLE  |2 21 
100 0 |a Slee, Roger  |e author  |9 588835 
245 1 3 |a La escuela extraordinaria: exclusión, escolarización y educación inclusiva 
250 |a 1a. ed 
300 |a 261 p 
942 |c BK 
945 |d 20160807 22:49:00  |a arojas 
260 |a Madrid  |b Morata  |c 2012 
650 0 |a Filosofía de la educación   |9 258384 
650 0 |a Innovaciones pedagógicas  |9 307471 
650 0 |a Planificación de la educación   |9 307333 
650 0 |a Calidad de la educación   |9 307271 
650 0 |a Cambio social   |9 256857 
650 0 |a Política educacional  |9 308011 
583 |a last modification  |c 20160807 22:49:00  |k Rodrigo Vera 
490 0 |a Política Educativa. Inclusión 
999 |c 365866  |d 365864 
952 |0 0  |1 0  |3 erb  |4 0  |6 370_100000000000000_SLE_2012  |7 0  |8 A  |9 479837  |a BIBEDU  |b BIBEDU  |i 5335779  |l 4  |m 1  |o 370.1 SLE 2012  |p 5335779  |r 2024-09-04  |s 2024-09-04  |w 2019-11-24  |y BK  |z Catalogado en:20160807  |k EDI